LEADER 00933nam a2200229 u 4500 001 000000046892 003 CaOOAMICUS 005 20070226114826.0 008 990722s1844 it u000 u ita u 035 $a10830538 040 $aPUL(R)$bita 100 1 $aMastrofini, Marco,$csac.,$d1763-1845.$0(OLS)http://pul/name/17785 245 13$aLe usure :$bdiscussione /$cdell'abate Marco Mastrofini .. 260 $aMontecassino :$bTipografia di Montecassino,$c1844. 300 $av, 172 p. ;$c23 cm 500 $aInclude indici. 650 4$aUsura$xStoria$xStudi.$0(OLS)http://pul/subject/12715 850 $aPUL 852 $aPUL$W1$xDP1 Antico 800$y27$m39 A 9$j62741$nBK-PRI$b $qStampati Antico$B62741$CPULBib$Z2$F62741 $H $81 941 1 $a15 996 $6245$aLe usure :$bdiscussione$9(OLS)http://pul/title/63134 996 $6260$aMontecassino :$bTipografia di Montecassino$9(OLS)http://pul/publisher/66697 LEADER 01400nam a2200313 4500 001 000000170822 003 CaOOAMICUS 005 20181128151942.0 008 181128s2009 it 000 u ita r 020 $a978-88-8272-444-3* 032 $aLibriCat 040 $aPUL$bita 082 00$a169 100 1 $aStruměa, Alberto.$0(OLS)http://pul/name/43235 245 03$aIl problema dei fondamenti : $bun'avventurosa navigazione dagli insiemi agli enti passando per Gödel e Tommaso d'Aquino / $cAlberto Struměa . 260 $aSiena :$bCantagalli,$c2009. 300 $a239 p. ; $c21 cm. 504 $aBibliografia in nota. 600 04$aThomas Aquinas,$cs.,$dc. 1225-1274.$0(OLS)http://pul/subject/448 600 14$aGödel, Kurt,$d1906-1978.$0(OLS)http://pul/subject/22685 850 $aPUL 852 $aPUL$W1$xSL Filosofia 3$y81$m169 STRAL 2$j193957$qDDC 21$B199324$CPULBib$Z2$F199324 $H131778 $81 941 1 $a9 960 $aTommaso d'Aquino,$cs.,$d1225-1274$9448 996 $6020$a978-88-8272-444-3*$9(OLS)http://pul/number/165417 996 $6082$a169$9(OLS)http://pul/classification/2280 996 $6245$aIl problema dei fondamenti : $bun'avventurosa navigazione dagli insiemi agli enti passando per Gödel e Tommaso d'Aquino / $9(OLS)http://pul/title/211653 996 $6260$aSiena :$bCantagalli$9(OLS)http://pul/publisher/48759